Biggest sources of immigrants to New Hampshire - Statistics

General Stats
  • This quiz has been taken 28 times
  • The average score is 8 of 10
Answer Stats
Hint Answer % Correct
6,621 Canada
100%
2,611 Mexico
100%
3,295 Brazil
95%
5,124 China
95%
9,056 India
86%
3,869 United Kingdom
86%
2,340 Germany
77%
3,051 Korea
59%
2,658 Philippines
55%
1,832 Jamaica
36%
No matching quizzes found
Score Distribution
Percent of People with Each Score
Percentile by Number Answered
Your Score History
You have not taken this quiz